000 00513nam a2200169 a 4500
005 20140412111302.0
008 010131s19uu xx 00 eng d
020 _a971-630-040-9
050 _aFil 899.21
_bA2 1995
100 _aArcellana, Francisco
245 _aThe mats. /
_cFransisco Arcellana; illustrated by Hermes Alegre.
260 _aMetro Manila :
_bTahanan Books for young readers,
_cc1995.
300 _a24 p.:ill
650 _aWeaving
_xI.Alegre Hermes, ill.
999 _c103437
_d103437